Odlišné děti 2 Násilné chování a kriminalita

Bibliographic Details
Main Authors: Drtilová, Jana, 1940- (Author), Koukolík, František, 1941- (Author)
Format: Article
Language:Czech
PhysicalDescription:Fotogr. 1
Subjects:

MARC

LEADER 00000nab a2200000 a 4500
001 vtls000505132
003 SK-MaSNL
005 20260303003151.0
008 120927c1993 xo 0 cze
015 |a SNBRB19rr/mm-uuuuu 
035 |a CL0505270 
040 |a SNKBUCL  |b slo  |c SNKBUCL  |e AACR2 
041 0 |a cze 
044 |a xo  |c SK 
080 |a 159.922.7:343.9  |2 1981 
080 |a 343.9  |2 1981 
100 1 |a Drtilová, Jana,  |d 1940-  |4 aut  |9 215573 
245 1 0 |a Odlišné děti 2  |b Násilné chování a kriminalita  |c Jana Drtilová, František Koukolík 
300 |b Fotogr. 1 
500 |a Pokračovanie 
650 0 7 |a deti predškolského veku  |2 snkbucl  |9 4103 
650 0 7 |a agresivita  |2 snkbucl  |9 14196 
650 0 7 |a kriminalita  |2 snkbucl  |9 2180 
655 7 |a články z novín a časopisov  |2 snkbucl  |9 267496 
700 1 |a Koukolík, František,  |d 1941-  |4 aut  |9 200207 
773 0 |t Mosty  |g Roč. 2, č. 44 (1993), s. 11 
850 |a Slovenská národná knižnica v Martine  |a MTA001 
852 |a SNK  |b KIS3GCP 
958 |a RK 
992 |a RBX 
999 |c 1571452  |d 1573382